| 000 | 00421nam a2200145Ia 4500 | ||
|---|---|---|---|
| 008 | 221007s9999 xx 000 0 und d | ||
| 041 | _aeng | ||
| 082 | _bBAN | ||
| 100 |
_aBankar Sharmila S (2k81010) _9102275 |
||
| 245 | _aStudy of Standard Operating Procedures for Training and Evaluation of Training Programs | ||
| 260 |
_c2010 _bPune University _aPune |
||
| 300 | _a57p | ||
| 520 | _aKetkar Leela | ||
| 906 | _bGeneral | ||
| 999 |
_c69437 _d69437 |
||